| 000 | 00662nam a2200229Ia 4500 | ||
|---|---|---|---|
| 003 | OSt | ||
| 005 | 20220925183719.0 | ||
| 006 | a|||||r|||| 00| 0 | ||
| 007 | ta | ||
| 008 | 220923b |||||||| |||| 00| 0 eng d | ||
| 037 | _cGeneral Book | ||
| 040 |
_aRTL _cRTL _beng |
||
| 041 |
_2eng _aeng |
||
| 082 | _aX651.2.N9, N8 | ||
| 100 |
_aJayadev M _9259211 |
||
| 245 | 0 | _aInvestment policy and performance of mutual funds | |
| 260 |
_aDelhi _bKanishka Publishers India _c1998 |
||
| 300 |
_avii, 332p, Bibliography p319-28 _ccm. |
||
| 650 | _aStock Exchange | ||
| 942 |
_hX651.2.N9, N8 _cGB _2CC |
||
| 999 |
_c505664 _d505664 |
||